=LDR 00000nam 2200000 4500 =001 INLIS000000000062617 =005 20230824072521 =035 ##$$a 0010-0823000280 =007 ta =008 230824###########################0###### =020 ##$$a 979-26-8650-X =082 ##$$a 344.049 =084 ##$$a 344.049 UND =245 ##$$a Undanng - undang R.I. nomor 29 tahun 2004 tentang praktik kedokteran : Undang - undang R.I. nomor 44 tahun 2009 tentang rumah sakit =260 ##$$a Yogyakarta :$b Pustaka Mahardika,$c 2011 =300 ##$$a viii, 143 halaman ; $c 21 cm =650 #4$$a kedokteran - undang-undang dan peraturan =990 ##$$a 08090809